000 00431nam a2200169 i 4500
001 bg
245 0 _aSłownik naukowo-techniczny angielsko-polski :
_bnowe terminy i znaczenia.
260 _aWarszawa,
_c1987.
650 9 _aJęzyk angielski
650 9 _aSłownik angielsko-polski
650 9 _aTechnika
655 _aSłowniki
040 _cBPK
041 _apol
942 _cKS
008 s pl f |000 0 pol
999 _c23561
_d23561
856 _uhttp://koha.tu.koszalin.pl/cgi-bin/koha/opac-detail.pl?biblionumber=23561
_yKatalog online BPK